00892nam a2200217Ia 4500003000900000008004100009020001800050040001600068080002700084111009000111245022600201260005000427300001600477490003900493650001900532650001500551700002100566700003000587700002800617700002900645IN-BaIIA211028s9999 xx 000 0 eng d a1-56396-865-7 cIIA Library a523.62-726(082.2)bSOL aInternational Solar Wind Conference on Solar Wind Ninen9cMassachusetts, U.S.Ad1998 0aSolar wind ninebproceedings of the ninth international solar wind conference on solar wind nine, held in Massachusetts, U.S.A, October 1998cedited by Shadia Rifai Habbal…[et al.]  aNew YorkbAmerican Institute of Physicsc1999 axxiv, 859p. aAIP conference proceedings; v. 471 aCoronal plasma aSolar wind aEsser, Ruth, ed. aHabbal, Shadia Rifai, ed. aHollweg, Joseph V., ed. aIsenberg, Philip A., ed.